01120cam a2200265 a 450000100100000000500170001000800410002702000150006804000250008308200180010810000360012624500450016226000290020730000210023649000400025765000390029765000310033665000360036783000480040391000150045195201210046695201260058795201260071399900150083900000826320200929161323.0760921s1975 sp j 001 f spa  a8432505064 aDO-SdBNPbspacBNPHU a863.64bS126h1 aSadot Pérez, Fernando.92239313aEl hormiguero /cFernando Sadot Pérez. aMadrid :bDoncel,c1975. a157 p. ;c18 cm.1 aEl Libro de bolsillo Doncelvno. 81 4aNovela españolaxSiglo xx922394 4aLiteratura española9632 4aHormigasxNovela juvenil922395 3aEl Libro de bolsillo Doncel ;vno. 8198628 aEn proceso 001052708MOaGRbGRcCTd2009-09-15iLF1l0o863.64 S126hp8263-10r2020-06-25w2020-06-25y2ZPréstamo interno 001053728MOaGRbGRcCTd2009-09-15iLF1l0o863.64 S126hp8263-20r2020-06-25te.2w2020-06-25y2ZPréstamo interno 001052708MOaGRbGRcCTd2009-09-15iLF1l0o863.64 S126hp8263-30r2020-06-25te.3w2020-06-25y2ZPréstamo interno c8034d8034